=LDR 00000nam 2200000 4500 =001 INLIS000000000042136 =005 20131008014926 =008 ***********************************Ind** =035 ##$$a0010-101300000000058 =041 ##$$a Ind =082 ##$$a 813 =090 ##$$a 813, Hil h =100 ##$$a Hill,Joe =245 ##$$a Heart shaped box, Joe Hill =260 ##$$a 2011 $b Jakarta =300 ##$$a 438 hlm, 21 cm =650 ##$$a Fiksi =850 ##$$a NBPNMAT =990 ##$$a 21400613/BPAP-NTB/20142014